| 000 | 00361nam a22001217a 4500 | ||
|---|---|---|---|
| 999 |
_c5546 _d5546 |
||
| 008 | 251002b ||||| |||| 00| 0 eng d | ||
| 020 | _a9781848694422 | ||
| 082 | _a 823.92 COR | ||
| 100 |
_aCORDEROY,TRACEY _eAUTHOR _lENGLISH |
||
| 245 | _aFAIRY TALE PETS | ||
| 260 |
_a1 THE CODA CENTRE,189 MUNSTER ROAD,LONDON SW6 6AW _bLITTLE TIGER PRESS LTD _c2017 |
||
| 942 | _2ddc | ||